000 00739naa a22002537a 4500
001 BR7804441
003 BR-BrBNA
005 20240918174125.0
007 ta
008 230509b bl.||||| |||| 00| 0 por d
040 _aBR-BrBNA
_bpor
_cBiblioteca Nacional de Agricultura
041 _a(Pt)
072 _aM20
_b/G514
_bGZ55
090 _aM20 BR7804441
100 1 _aSilva, P. de C.M. da
245 1 _aO oceano como fonte de minerais [Brasil]
260 3 _aBrasilia, DF (Brasil):
_c1978.
500 _aSilva, P. de C.M. da Usos do mar Brasilia, DF (Brasil): 1978. p. 97-135 (BR7804441-AM)M20
650 _aOceanografia
650 _aOceano
650 _aMineral
909 _a202404
_bLucia
_c55
_dLucia Elande
942 _cAM
_2AGRIS
999 _c309051
_d309051